[Event "CZE-chTW U20 0910"]
[Site "Czech Republic"]
[Date "2009.11.28"]
[Round "5.5"]
[White "Janska, Jitka"]
[Black "Hejkal, Martin"]
[Result "1/2-1/2"]
[WhiteElo "1457"]
[BlackElo "1482"]
[PlyCount "101"]
[EventDate "2009.10.03"]
[EventType "team-tourn"]
[EventRounds "7"]
[EventCountry "CZE"]
[SourceTitle "EXT 2011"]
[Source "ChessBase"]
[SourceDate "2010.11.26"]
[SourceVersion "1"]
[SourceVersionDate "2010.11.26"]
[SourceQuality "1"]
[WhiteTeam "Klatovy (U20)"]
[BlackTeam "Plzen (U20)"]
[WhiteTeamCountry "CZE"]
[BlackTeamCountry "CZE"]

1. e4 e5 2. Nf3 Nc6 3. Bc4 Bc5 4. c3 d6 5. d4 Bb6 6. dxe5 dxe5 7. Qxd8+ Nxd8 8. Nxe5 Nf6 9. Bd3 0-0 10. Bg5 Nxe4 11. Bxe4 f6 12. Bd5+ Be6 13. Bxe6+ Nxe6 14. Nd7 Rfe8 15. Be3 Bxe3 16. fxe3 Rad8 17. Nxf6+ gxf6 18. 0-0 Ng5 19. Rxf6 Rd1+ 20. Rf1 Rxf1+ 21. Kxf1 Rxe3 22. Na3 c6 23. Rd1 Kf7 24. Nc4 Re7 25. Re1 Rxe1+ 26. Kxe1 Ne4 27. Nd2 Nc5 28. b4 Nd3+ 29. Kd1 c5 30. a3 cxb4 31. axb4 b6 32. Ne4 a5 33. Kd2 Nf4 34. g3 Nd5 35. bxa5 bxa5 36. c4 Ne7 37. Kd3 Kg6 38. c5 Kf5 39. h3 a4 40. Nc3 a3 41. Na2 Ke5 42. Kc3 Kd5 43. Kb3 Kxc5 44. Nc1 Kd4 45. Ne2+ Ke3 46. Nf4 Kf3 47. Nh5 Kg2 48. h4 Kh3 49. Nf6 Kxg3 50. Nxh7 Kxh4 51. Kxa3 1/2-1/2